BOLESŤ TVORENIA.

Bibliographic Details
Main Author: Elen, Jarko, 1895-1978 (Author)
Format: Article
Language:Slovak

MARC

LEADER 00000nab a2200000uu 4500
001 vtls011523350
003 SK-MaSNL
005 20260303162709.0
008 230302|1923 xo |||||||||||||||||slo|
015 |a SNBRB 
035 |a (urnnbn)urn:nbn:sk:snk:ar-0024r0 
035 |a (uuid)809a4068-2b2e-48bc-ab85-c17bb88309ef 
035 |a urn:nbn:sk:snk-abeb55 
040 |a SNKBUCL  |b slo  |c SNKBUCL  |e AACR2 
041 0 |a slo 
044 |a xo  |c SK 
100 1 |a Elen, Jarko,  |d 1895-1978  |4 aut  |9 16402 
245 1 0 |a BOLESŤ TVORENIA.  |c Jarko Elen 
773 0 |t Slovenské pohľady  |g Roč. 39, č. 12 (1923), s. 701-702 
958 |a OND 
958 |a EUIPO 
958 |a article21 
999 |c 2056539  |d 2058469